LEADER 01340nam 2200397 a 450 001 9910700182403321 005 20110919152413.0 035 $a(CKB)5470000002407139 035 $a(OCoLC)753570330 035 $a(EXLCZ)995470000002407139 100 $a20110919d2011 ua 0 101 0 $aeng 135 $aurbn||||||||| 181 $ctxt$2rdacontent 182 $cc$2rdamedia 183 $acr$2rdacarrier 200 00$aConservation Reserve Enhancement Program (CREP)$b[electronic resource] $eIowa state 210 1$a[Washington, D.C.] :$cU.S. Dept. of Agriculture, Farm Service Agency,$d[2011] 215 $a1 online resource (2 pages) 225 1 $aFact sheet 300 $aTitle from title screen (viewed on Sept. 19, 2011). 300 $a"February 2011." 517 $aConservation Reserve Enhancement Program 606 $aAgricultural conservation$zIowa 606 $aConservation of natural resources$zIowa 606 $aEnvironmental protection$zIowa 615 0$aAgricultural conservation 615 0$aConservation of natural resources 615 0$aEnvironmental protection 712 02$aUnited States.$bFarm Service Agency. 801 0$bGPO 801 1$bGPO 906 $aBOOK 912 $a9910700182403321 996 $aConservation Reserve Enhancement Program (CREP)$93509624 997 $aUNINA